LEADER 00905nam a2200241 i 4500 001 000000135581 003 CaOOAMICUS 005 20050308000000.0 008 050308s1972 it u000 u ita u 013 $a108972 040 $aSeMil$bita 100 1 $aChiarini, Luigi.$0(OLS)http://semarc/name/6238 245 10$aCinema e film :$bstoria e problemi /$cLuigi Chiarini. 260 $aRoma :$bBulzoni,$ccopyr. 1972. 300 $a335 p. ;$c21 cm. 490 0 $aStudi cinematografici ;$v1 500 $aContiene : Bibliografia. 830 0$aStudi cinematografici ;$v1.$0(OLS)http://semarc/title/17439 850 $aSeMil 852 $aSeMil$W1$xVenegono$y1$m3M II 26$j89233$B89233$CSeMilBibl$Z2$F93961 $81 961 $aOmaggio: Poma mons. Gianfranco 996 $6245$aCinema e film :$bstoria e problemi$9(OLS)http://semarc/title/198226 996 $6260$aRoma :$bBulzoni$9(OLS)http://semarc/publisher/30302 LEADER 02430nam a2200289 4500 001 000000337296 003 CaOOAMICUS 005 20191021091622.0 008 191021s2015 it 100 u ita r 020 $a978-88-89501-11-5 040 $aSeMil$bita 111 21$aConvegno Le teologie di Dante$d<2013$cRavenna>.$0(OLS)http://semarc/name/110365 245 03$aLe teologie di Dante :$batti del convegno internazionale di studi, Ravenna, 9 novembre 2013 /$ca cura di Giuseppe Ledda. 264 1$aRavenna :$bCentro dantesco dei frati minori conventuali,$c2015. 300 $a307 p. ;$c24 cm 490 0 $aQuaderni della Sezione studi e ricerche / Centro dantesco dei Frati minori conventuali ;$v6 505 1 $aGiuseppe Mazzotta / Introduzione;Marco Ariani / La teologia della luce in Dante;Claire E. Honess / «Vedi nostra città»: Dante, teologia e società;Francesco Santi / Dante e la mistica. Con una nota sul XXVI canto del Paradiso;Simon A. Gilson / Appunti metodologici su teologia e scolastica nel Paradiso;Mira Mocan / «Fantasticus mundus». Teologia vittorina ed esegesi visiva nell'opera dantesca; 505 20$aChristian Moevs / L'amore triforme: i sette peccati capitali e la struttura della Commedia di Dante; Susanna Barsella / Il «poema sacro» tra arte e teologia del lavoro. Purgatorio X-XIl, Paradiso XXV-XXVI; Nicolò Maldina / Tra predicazione e liturgia. Modelli e fortuna del «Pater noster» di Purgatorio XI 1-21; Beatrice Priest / Teologie e poesie pastorali in Dante: fecondità, creatività e umiltà; Giuseppe Ledda / Teologia e retorica dell'ineffabilità nella Commedia di Dante 650 4$aAlighieri, Dante <1265-1321> - Atti di congressi.$0(OLS)http://semarc/subject/48762 650 4$aAlighieri, Dante <1265-1321> - Pensiero teologico.$0(OLS)http://semarc/subject/14128 830 0$aQuaderni della Sezione studi e ricerche / Centro dantesco dei Frati minori conventuali ;$v6.$0(OLS)http://semarc/title/426289 850 $aSeMil 852 $aSeMil$W1$xVenegono$y1$m1O III 253$j218872$B230746$CSeMilBibl$Z2$F230746 $81 996 $6020$a978-88-89501-11-5$9(OLS)http://semarc/number/288931 996 $6245$aLe teologie di Dante :$batti del convegno internazionale di studi, Ravenna, 9 novembre 2013$9(OLS)http://semarc/title/426287 996 $6264$aRavenna :$bCentro dantesco dei frati minori conventuali$9(OLS)http://semarc/publisher/58621